[Event "Najdorf Memorial B"]
[Site "Warsaw POL"]
[Date "2021.07.15"]
[Round "6.10"]
[White "Ptaszynski, Szymon"]
[Black "Grunas, Jakub"]
[Result "1/2-1/2"]
[WhiteElo "1516"]
[BlackElo "1301"]
[EventDate "????.??.??"]
[PlyCount "146"]
[LiveChessVersion "1.4.8"]

1.e4 {[%clk 1:30:58]} 1...c6 {[%clk 1:30:57]} 2.d4 {[%clk 1:31:20]} 2...d5 
{[%clk 1:31:23]} 3.Nd2 {[%clk 1:31:46]} 3...dxe4 {[%clk 1:31:48]} 4.Nxe4 {[%clk
1:32:10]} 4...Bf5 {[%clk 1:32:12]} 5.Qf3 {[%clk 1:32:29]} 5...Bxe4 {[%clk
1:31:47]} 6.Qxe4 {[%clk 1:32:48]} 6...Nf6 {[%clk 1:32:08]} 7.Qd3 {[%clk
1:32:31]} 7...e6 {[%clk 1:32:06]} 8.c3 {[%clk 1:32:43]} 8...Bd6 {[%clk 1:29:37]} 
9.Nf3 {[%clk 1:32:06]} 9...Nbd7 {[%clk 1:28:24]} 10.Qc2 {[%clk 1:24:45]} 
10...Qc7 {[%clk 1:25:21]} 11.Be2 {[%clk 1:24:03]} 11...h6 {[%clk 1:23:03]} 
12.g3 {[%clk 1:22:09]} 12...O-O-O {[%clk 1:20:50]} 13.Be3 {[%clk 1:22:22]} 
13...Kb8 {[%clk 1:18:16]} 14.O-O-O {[%clk 1:22:00]} 14...Ng4 {[%clk 1:14:09]} 
15.Nd2 {[%clk 1:19:41]} 15...Nxe3 {[%clk 1:12:18]} 16.fxe3 {[%clk 1:19:49]} 
16...e5 {[%clk 1:06:56]} 17.Rhf1 {[%clk 1:18:36]} 17...Nb6 {[%clk 1:02:34]} 
18.e4 {[%clk 1:13:26]} 18...exd4 {[%clk 0:58:19]} 19.cxd4 {[%clk 1:11:28]} 
19...f6 {[%clk 0:58:35]} 20.Kb1 {[%clk 1:08:58]} 20...c5 {[%clk 0:54:30]} 21.d5 
{[%clk 1:07:47]} 21...Rhe8 {[%clk 0:53:58]} 22.Bb5 {[%clk 1:06:01]} 22...Re7 
{[%clk 0:52:02]} 23.Rfe1 {[%clk 1:05:41]} 23...Nc8 {[%clk 0:50:02]} 24.Rc1 
{[%clk 1:02:17]} 24...Be5 {[%clk 0:47:16]} 25.Qxc5 {[%clk 0:44:49]} 25...Qxc5 
{[%clk 0:45:36]} 26.Rxc5 {[%clk 0:44:39]} 26...Nd6 {[%clk 0:44:50]} 27.Bd3 
{[%clk 0:43:44]} 27...Bd4 {[%clk 0:43:46]} 28.Rcc1 {[%clk 0:43:25]} 28...Rde8 
{[%clk 0:40:46]} 29.Re2 {[%clk 0:36:49]} 29...Bb6 {[%clk 0:32:53]} 30.a3 {[%clk
0:36:20]} 30...f5 {[%clk 0:25:14]} 31.Rce1 {[%clk 0:34:55]} 31...fxe4 {[%clk
0:25:36]} 32.Bxe4 {[%clk 0:33:52]} 32...Ba5 {[%clk 0:19:59]} 33.b4 {[%clk
0:33:45]} 33...Bb6 {[%clk 0:20:23]} 34.Bf3 {[%clk 0:17:18]} 34...Rxe2 {[%clk
0:19:54]} 35.Rxe2 {[%clk 0:17:41]} 35...Rxe2 {[%clk 0:20:14]} 36.Bxe2 {[%clk
0:18:09]} 36...Kc7 {[%clk 0:19:48]} 37.Kc2 {[%clk 0:18:17]} 37...Bd4 {[%clk
0:17:04]} 38.Nb3 {[%clk 0:17:44]} 38...Bf6 {[%clk 0:15:33]} 39.Bd3 {[%clk
0:16:05]} 39...Kd7 {[%clk 0:12:34]} 40.Nc5+ {[%clk 0:16:14]} 40...Kc7 {[%clk
0:12:34]} 41.Kd2 {[%clk 0:14:53]} 41...Kc8 {[%clk 0:11:09]} 42.Kc2 {[%clk
0:14:09]} 42...Kc7 {[%clk 0:11:24]} 43.a4 {[%clk 0:14:19]} 43...Nc8 {[%clk
0:09:37]} 44.Be4 {[%clk 0:13:40]} 44...Nd6 {[%clk 0:08:53]} 45.Kd3 {[%clk
0:13:50]} 45...Kc8 {[%clk 0:06:51]} 46.Bg6 {[%clk 0:12:54]} 46...Kc7 {[%clk
0:06:34]} 47.Bh5 {[%clk 0:11:35]} 47...Kc8 {[%clk 0:05:21]} 48.Be2 {[%clk
0:10:44]} 48...Kc7 {[%clk 0:05:22]} 49.Ke3 {[%clk 0:09:52]} 49...Kc8 {[%clk
0:05:35]} 50.Bd3 {[%clk 0:09:53]} 50...Kc7 {[%clk 0:05:48]} 51.Kf3 {[%clk
0:10:14]} 51...Kd8 {[%clk 0:05:14]} 52.Kg4 {[%clk 0:10:20]} 52...Ke7 {[%clk
0:05:02]} 53.Kh5 {[%clk 0:09:40]} 53...Kf7 {[%clk 0:04:00]} 54.Bg6+ {[%clk
0:09:36]} 54...Ke7 {[%clk 0:04:26]} 55.Kg4 {[%clk 0:08:46]} 55...Kd8 {[%clk
0:04:29]} 56.Bf5 {[%clk 0:08:31]} 56...h5+ {[%clk 0:02:51]} 57.Kxh5 {[%clk
0:07:49]} 57...Nxf5 {[%clk 0:03:17]} 58.Nxb7+ {[%clk 0:08:12]} 58...Kc7 {[%clk
0:03:17]} 59.Nc5 {[%clk 0:06:24]} 59...Ne7 {[%clk 0:02:42]} 60.g4 {[%clk
0:05:01]} 60...Nxd5 {[%clk 0:02:55]} 61.Kg6 {[%clk 0:05:03]} 61...Kd6 {[%clk
0:01:23]} 62.Ne4+ {[%clk 0:03:55]} 62...Ke7 {[%clk 0:01:03]} 63.Nxf6 {[%clk
0:03:50]} 63...gxf6 {[%clk 0:01:01]} 64.h4 {[%clk 0:03:52]} 64...Nf4+ {[%clk
0:01:02]} 65.Kf5 {[%clk 0:03:12]} 65...Nd5 {[%clk 0:01:16]} 66.h5 {[%clk
0:03:18]} 66...Kf7 {[%clk 0:01:37]} 67.h6 {[%clk 0:03:04]} 67...Nxb4 {[%clk
0:01:40]} 68.h7 {[%clk 0:03:29]} 68...Kg7 {[%clk 0:02:08]} 69.h8=Q+ {[%clk
0:03:38]} 69...Kxh8 {[%clk 0:02:37]} 70.Kxf6 {[%clk 0:04:02]} 70...Kg8 {[%clk
0:02:22]} 71.Ke6 {[%clk 0:04:24]} 71...a5 {[%clk 0:01:49]} 72.Kd6 {[%clk
0:04:44]} 72...Nd3 {[%clk 0:01:53]} 73.Kc6 {[%clk 0:05:06]} 73...Nb2 {[%clk
0:02:14]} 1/2-1/2

[Event "Najdorf Memorial B"]
[Site "Warsaw POL"]
[Date "2021.07.15"]
[Round "6.11"]
[White "Iwaszkiewicz, Krzysztof"]
[Black "Grzywocz, Wojciech"]
[Result "1-0"]
[WhiteElo "1706"]
[BlackElo "1276"]
[EventDate "????.??.??"]
[PlyCount "81"]
[LiveChessVersion "1.4.8"]

1.d4 {[%clk 1:30:59]} 1...Nf6 {[%clk 1:30:55]} 2.Bf4 {[%clk 1:31:26]} 2...d5 
{[%clk 1:31:20]} 3.e3 {[%clk 1:31:53]} 3...c5 {[%clk 1:31:40]} 4.c3 {[%clk
1:32:17]} 4...Nc6 {[%clk 1:31:53]} 5.Nd2 {[%clk 1:32:42]} 5...Bf5 {[%clk
1:29:49]} 6.Ngf3 {[%clk 1:33:03]} 6...Qb6 {[%clk 1:29:24]} 7.Qc1 {[%clk
1:33:28]} 7...Rc8 {[%clk 1:27:00]} 8.Be2 {[%clk 1:30:38]} 8...cxd4 {[%clk
1:24:17]} 9.exd4 {[%clk 1:31:02]} 9...Nb4 {[%clk 1:22:25]} 10.O-O {[%clk
1:31:18]} 10...Bd3 {[%clk 1:20:21]} 11.Qd1 {[%clk 1:19:37]} 11...Qa6 {[%clk
1:18:55]} 12.Bxd3 {[%clk 1:17:28]} 12...Nxd3 {[%clk 1:19:16]} 13.Bg3 {[%clk
1:17:55]} 13...Nxb2 {[%clk 1:19:38]} 14.Qb3 {[%clk 1:18:18]} 14...Nc4 {[%clk
1:13:26]} 15.a4 {[%clk 1:13:27]} 15...e6 {[%clk 1:09:20]} 16.Rfb1 {[%clk
1:12:56]} 16...Na5 {[%clk 1:06:18]} 17.Qb5+ {[%clk 1:13:12]} 17...Qxb5 {[%clk
1:06:01]} 18.axb5 {[%clk 1:13:35]} 18...b6 {[%clk 1:00:28]} 19.Nb3 {[%clk
1:13:17]} 19...Ne4 {[%clk 0:58:52]} 20.Nxa5 {[%clk 1:13:09]} 20...bxa5 {[%clk
0:58:12]} 21.Rxa5 {[%clk 1:12:21]} 21...Nxc3 {[%clk 0:58:31]} 22.Rba1 {[%clk
1:12:49]} 22...Be7 {[%clk 0:50:39]} 23.Kf1 {[%clk 1:11:48]} 23...Bd8 {[%clk
0:43:28]} 24.Rxa7 {[%clk 1:09:56]} 24...O-O {[%clk 0:38:24]} 25.Rb7 {[%clk
1:09:24]} 25...Ne4 {[%clk 0:37:33]} 26.Bf4 {[%clk 1:04:40]} 26...g5 {[%clk
0:35:52]} 27.Be5 {[%clk 1:03:46]} 27...f6 {[%clk 0:31:30]} 28.Raa7 {[%clk
1:04:08]} 28...Re8 {[%clk 0:27:45]} 29.Rg7+ {[%clk 1:04:28]} 29...Kh8 {[%clk
0:28:06]} 30.Rxh7+ {[%clk 1:04:52]} 30...Kg8 {[%clk 0:28:25]} 31.Rag7+ {[%clk
0:55:13]} 31...Kf8 {[%clk 0:28:47]} 32.Rf7+ {[%clk 0:55:41]} 32...Kg8 {[%clk
0:28:59]} 33.Rhg7+ {[%clk 0:56:09]} 33...Kh8 {[%clk 0:29:16]} 34.b6 {[%clk
0:53:06]} 34...Bxb6 {[%clk 0:26:12]} 35.Bxf6 {[%clk 0:50:47]} 35...Nxf6 {[%clk
0:26:22]} 36.Ne5 {[%clk 0:51:09]} 36...Rc1+ {[%clk 0:20:56]} 37.Ke2 {[%clk
0:51:36]} 37...Rc2+ {[%clk 0:19:48]} 38.Kd1 {[%clk 0:52:02]} 38...Rd2+ {[%clk
0:18:57]} 39.Kxd2 {[%clk 0:52:19]} 39...Ne4+ {[%clk 0:19:24]} 40.Ke2 {[%clk
0:52:33]} 40...Nc3+ {[%clk 0:18:58]} 41.Kf1 {[%clk 0:52:58]} 1-0

[Event "Najdorf Memorial B"]
[Site "Warsaw POL"]
[Date "2021.07.15"]
[Round "6.12"]
[White "Jaskulski, Jan"]
[Black "Dudek, Radoslaw"]
[Result "1-0"]
[WhiteElo "1723"]
[BlackElo "1490"]
[EventDate "????.??.??"]
[PlyCount "71"]
[LiveChessVersion "1.4.8"]

1.e4 {[%clk 1:30:57]} 1...c5 {[%clk 1:00:24]} 2.Nf3 {[%clk 1:31:18]} 2...Nc6 
{[%clk 1:00:07]} 3.Bb5 {[%clk 1:31:38]} 3...Nd4 {[%clk 0:54:59]} 4.Nxd4 {[%clk
1:32:03]} 4...cxd4 {[%clk 0:55:16]} 5.O-O {[%clk 1:32:30]} 5...e6 {[%clk
0:50:34]} 6.d3 {[%clk 1:32:18]} 6...Ne7 {[%clk 0:49:56]} 7.Nd2 {[%clk 1:21:07]} 
7...a6 {[%clk 0:49:19]} 8.Bc4 {[%clk 1:21:25]} 8...b5 {[%clk 0:49:13]} 9.Bb3 
{[%clk 1:21:49]} 9...Bb7 {[%clk 0:48:01]} 10.f4 {[%clk 1:18:12]} 10...Nc6 
{[%clk 0:46:11]} 11.Qg4 {[%clk 1:06:27]} 11...d6 {[%clk 0:29:02]} 12.a4 {[%clk
1:01:14]} 12...b4 {[%clk 0:21:09]} 13.Nc4 {[%clk 0:54:35]} 13...Na5 {[%clk
0:21:29]} 14.Nxa5 {[%clk 0:54:11]} 14...Qxa5 {[%clk 0:21:57]} 15.f5 {[%clk
0:54:31]} 15...e5 {[%clk 0:21:55]} 16.f6 {[%clk 0:54:41]} 16...g6 {[%clk
0:22:18]} 17.Bxf7+ {[%clk 0:54:45]} 17...Kd8 {[%clk 0:20:45]} 18.Bc4 {[%clk
0:48:53]} 18...Kc7 {[%clk 0:20:11]} 19.f7 {[%clk 0:48:35]} 19...Bg7 {[%clk
0:16:34]} 20.Qe6 {[%clk 0:46:20]} 20...Rad8 {[%clk 0:15:46]} 21.Bg5 {[%clk
0:46:24]} 21...Rd7 {[%clk 0:16:06]} 22.Bf6 {[%clk 0:46:19]} 22...Bxf6 {[%clk
0:15:14]} 23.Rxf6 {[%clk 0:46:24]} 23...Rf8 {[%clk 0:15:10]} 24.Qe8 {[%clk
0:46:20]} 24...Rd8 {[%clk 0:15:30]} 25.Qe7+ {[%clk 0:46:45]} 25...Kb8 {[%clk
0:12:08]} 26.Rxd6 {[%clk 0:46:51]} 26...Qc7 {[%clk 0:10:44]} 27.Rxd8+ {[%clk
0:46:36]} 27...Qxd8 {[%clk 0:11:10]} 28.Qxe5+ {[%clk 0:46:59]} 28...Ka8 {[%clk
0:11:16]} 29.Rf1 {[%clk 0:47:18]} 29...Qd7 {[%clk 0:10:35]} 30.Qc5 {[%clk
0:45:33]} 30...Qc8 {[%clk 0:08:15]} 31.Qxc8+ {[%clk 0:45:35]} 31...Bxc8 {[%clk
0:08:43]} 32.e5 {[%clk 0:45:55]} 32...Kb7 {[%clk 0:07:04]} 33.e6 {[%clk
0:46:19]} 33...Bxe6 {[%clk 0:06:03]} 34.Bxe6 {[%clk 0:46:41]} 34...Kc6 {[%clk
0:06:13]} 35.Bc4 {[%clk 0:47:05]} 35...a5 {[%clk 0:06:24]} 36.Re1 {[%clk
0:47:30]} 1-0

[Event "Najdorf Memorial B"]
[Site "Warsaw POL"]
[Date "2021.07.15"]
[Round "6.13"]
[White "Rutkowski, Piotr"]
[Black "Jaszczuk, Piotr"]
[Result "1-0"]
[WhiteElo "1688"]
[BlackElo "1424"]
[EventDate "????.??.??"]
[PlyCount "53"]
[LiveChessVersion "1.4.8"]

1.e4 {[%clk 1:30:50]} 1...c5 {[%clk 1:30:56]} 2.Nf3 {[%clk 1:31:14]} 2...e6 
{[%clk 1:31:19]} 3.c3 {[%clk 1:31:37]} 3...Nc6 {[%clk 1:31:19]} 4.d4 {[%clk
1:31:57]} 4...d5 {[%clk 1:31:37]} 5.Nbd2 {[%clk 1:31:26]} 5...Bd7 {[%clk
1:30:15]} 6.Bd3 {[%clk 1:31:34]} 6...c4 {[%clk 1:29:26]} 7.Bc2 {[%clk 1:31:29]} 
7...dxe4 {[%clk 1:28:33]} 8.Nxe4 {[%clk 1:31:11]} 8...Nf6 {[%clk 1:27:43]} 
9.Nxf6+ {[%clk 1:30:41]} 9...gxf6 {[%clk 1:27:56]} 10.Qe2 {[%clk 1:30:43]} 
10...b5 {[%clk 1:27:07]} 11.Bf4 {[%clk 1:31:05]} 11...Be7 {[%clk 1:25:07]} 
12.O-O {[%clk 1:31:16]} 12...h5 {[%clk 1:20:51]} 13.Rad1 {[%clk 1:31:40]} 
13...Na5 {[%clk 1:18:51]} 14.d5 {[%clk 1:29:02]} 14...e5 {[%clk 1:17:29]} 15.d6 
{[%clk 1:29:27]} 15...exf4 {[%clk 1:12:06]} 16.Rfe1 {[%clk 1:29:52]} 16...Nc6 
{[%clk 1:11:23]} 17.dxe7 {[%clk 1:23:53]} 17...Qc7 {[%clk 1:04:41]} 18.Qe4 
{[%clk 1:21:48]} 18...f5 {[%clk 1:03:50]} 19.Qd5 {[%clk 1:22:04]} 19...Be6 
{[%clk 0:47:50]} 20.Rxe6 {[%clk 0:51:37]} 20...fxe6 {[%clk 0:43:18]} 21.Qxe6 
{[%clk 0:52:01]} 21...Nxe7 {[%clk 0:41:14]} 22.Bxf5 {[%clk 0:52:25]} 22...Rg8 
{[%clk 0:38:17]} 23.Rd7 {[%clk 0:52:39]} 23...Qc5 {[%clk 0:36:58]} 24.Rxe7+ 
{[%clk 0:52:59]} 24...Qxe7 {[%clk 0:36:51]} 25.Qxg8+ {[%clk 0:53:20]} 25...Qf8 
{[%clk 0:37:06]} 26.Qe6+ {[%clk 0:53:13]} 26...Qe7 {[%clk 0:37:25]} 27.Qc6+ 
{[%clk 0:53:23]} 1-0

[Event "Najdorf Memorial B"]
[Site "Warsaw POL"]
[Date "2021.07.15"]
[Round "6.14"]
[White "Piskorski, Filip"]
[Black "Kopaniewski, Jakub"]
[Result "0-1"]
[WhiteElo "1455"]
[BlackElo "1634"]
[EventDate "????.??.??"]
[PlyCount "98"]
[LiveChessVersion "1.4.8"]

1.d4 {[%clk 1:30:59]} 1...d6 {[%clk 1:30:52]} 2.Bf4 {[%clk 1:31:22]} 2...Nf6 
{[%clk 1:31:07]} 3.Nc3 {[%clk 1:31:48]} 3...g6 {[%clk 1:30:10]} 4.e4 {[%clk
1:32:14]} 4...c6 {[%clk 1:28:38]} 5.Qd2 {[%clk 1:31:51]} 5...b5 {[%clk 1:28:49]} 
6.a3 {[%clk 1:31:05]} 6...Qa5 {[%clk 1:27:05]} 7.e5 {[%clk 1:29:06]} 7...Nh5 
{[%clk 1:10:29]} 8.Be3 {[%clk 1:17:46]} 8...dxe5 {[%clk 1:01:43]} 9.dxe5 {[%clk
1:17:58]} 9...Ng7 {[%clk 0:44:26]} 10.Ne4 {[%clk 1:09:37]} 10...Qc7 {[%clk
0:42:12]} 11.f4 {[%clk 1:08:34]} 11...Nd7 {[%clk 0:39:33]} 12.Nf3 {[%clk
1:05:25]} 12...Nb6 {[%clk 0:32:51]} 13.Nc3 {[%clk 1:00:32]} 13...Bg4 {[%clk
0:21:46]} 14.O-O-O {[%clk 0:56:17]} 14...Ne6 {[%clk 0:21:46]} 15.Nxb5 {[%clk
0:53:36]} 15...Qb7 {[%clk 0:20:35]} 16.Bxb6 {[%clk 0:50:47]} 16...axb6 {[%clk
0:21:03]} 17.Bc4 {[%clk 0:44:34]} 17...Bh6 {[%clk 0:13:04]} 18.Bxe6 {[%clk
0:44:21]} 18...fxe6 {[%clk 0:13:15]} 19.Nc3 {[%clk 0:39:53]} 19...O-O {[%clk
0:13:31]} 20.Ne2 {[%clk 0:38:52]} 20...c5 {[%clk 0:13:30]} 21.Qe3 {[%clk
0:38:20]} 21...b5 {[%clk 0:12:33]} 22.h3 {[%clk 0:34:19]} 22...Bf5 {[%clk
0:12:35]} 23.Ng3 {[%clk 0:29:28]} 23...b4 {[%clk 0:11:45]} 24.Nxf5 {[%clk
0:29:25]} 24...Rxf5 {[%clk 0:12:14]} 25.g3 {[%clk 0:22:45]} 25...Rff8 {[%clk
0:10:52]} 26.Qb3 {[%clk 0:22:34]} 26...c4 {[%clk 0:11:02]} 27.Qe3 {[%clk
0:16:43]} 27...c3 {[%clk 0:09:28]} 28.Nd4 {[%clk 0:15:34]} 28...cxb2+ {[%clk
0:08:36]} 29.Kb1 {[%clk 0:15:18]} 29...Rxa3 {[%clk 0:08:45]} 30.Nb3 {[%clk
0:15:34]} 30...Rfa8 {[%clk 0:06:46]} 31.Kxb2 Ra2+ {[%clk 0:06:35]} 32.Kc1 
{[%clk 0:14:01]} 32...Qg2 {[%clk 0:04:53]} 33.Qd3 {[%clk 0:11:48]} 33...Rc8 
{[%clk 0:04:08]} 34.Nd4 {[%clk 0:12:15]} 34...Rc3 {[%clk 0:03:48]} 35.Rhg1 
{[%clk 0:09:00]} 35...Qxg1 {[%clk 0:02:42]} 36.Kb1 {[%clk 0:05:39]} 36...Rxd3 
{[%clk 0:02:32]} 37.Rxg1 {[%clk 0:06:01]} 37...Rda3 {[%clk 0:02:41]} 38.Nb3 
{[%clk 0:06:15]} 38...Ra8 {[%clk 0:02:48]} 39.h4 {[%clk 0:06:41]} 39...Kf7 
{[%clk 0:02:54]} 40.Rd1 {[%clk 0:07:08]} 40...R2a7 {[%clk 0:02:55]} 41.Rd4 
{[%clk 0:07:16]} 41...Rb8 {[%clk 0:03:11]} 42.Kb2 {[%clk 0:07:16]} 42...Bg7 
{[%clk 0:03:32]} 43.g4 {[%clk 0:06:46]} 43...Rc7 {[%clk 0:03:40]} 44.Nd2 {[%clk
0:05:14]} 44...h6 {[%clk 0:02:39]} 45.g5 {[%clk 0:05:37]} 45...Rbc8 {[%clk
0:02:51]} 46.Kb3 {[%clk 0:05:16]} 46...Rxc2 {[%clk 0:02:58]} 47.Nc4 {[%clk
0:05:41]} 47...Rh2 {[%clk 0:02:47]} 48.Rd7 {[%clk 0:05:29]} 48...Rxc4 {[%clk
0:02:56]} 49.Kxc4 {[%clk 0:05:50]} 49...Rxh4 0-1

[Event "Najdorf Memorial B"]
[Site "Warsaw POL"]
[Date "2021.07.15"]
[Round "6.15"]
[White "Kurowski, Maciej"]
[Black "Wnuk, Piotr"]
[Result "0-1"]
[WhiteElo "1627"]
[BlackElo "1256"]
[EventDate "????.??.??"]
[PlyCount "82"]
[LiveChessVersion "1.4.8"]

1.e4 {[%clk 1:30:54]} 1...Nf6 {[%clk 1:30:50]} 2.e5 {[%clk 1:31:08]} 2...Nd5 
{[%clk 1:31:10]} 3.c4 {[%clk 1:31:20]} 3...Nb6 {[%clk 1:31:35]} 4.d4 {[%clk
1:31:44]} 4...d6 {[%clk 1:32:03]} 5.exd6 {[%clk 1:31:20]} 5...cxd6 {[%clk
1:32:28]} 6.Nc3 {[%clk 1:31:38]} 6...Nc6 {[%clk 1:32:52]} 7.Be3 {[%clk 1:32:01]} 
7...g6 {[%clk 1:33:00]} 8.Rc1 {[%clk 1:32:14]} 8...Bg7 {[%clk 1:33:18]} 9.b3 
{[%clk 1:32:00]} 9...O-O {[%clk 1:33:37]} 10.d5 {[%clk 1:31:59]} 10...Nb8 
{[%clk 1:32:21]} 11.Be2 {[%clk 1:26:15]} 11...N8d7 {[%clk 1:27:17]} 12.Bd4 
{[%clk 1:25:05]} 12...Nf6 {[%clk 1:26:37]} 13.Nf3 {[%clk 1:21:54]} 13...Bg4 
{[%clk 1:26:50]} 14.O-O {[%clk 1:21:40]} 14...Nbd7 {[%clk 1:25:42]} 15.h3 
{[%clk 1:21:06]} 15...Bxf3 {[%clk 1:25:47]} 16.Bxf3 {[%clk 1:21:33]} 16...b6 
{[%clk 1:25:36]} 17.Re1 {[%clk 1:17:14]} 17...Re8 {[%clk 1:25:28]} 18.g4 {[%clk
1:06:13]} 18...Nc5 {[%clk 1:25:22]} 19.h4 {[%clk 1:01:43]} 19...Nfd7 {[%clk
1:23:40]} 20.Bxg7 {[%clk 1:00:56]} 20...Kxg7 {[%clk 1:24:00]} 21.b4 {[%clk
0:57:09]} 21...Nb7 {[%clk 1:23:34]} 22.Nb5 {[%clk 0:55:10]} 22...a6 {[%clk
1:23:09]} 23.Nd4 {[%clk 0:55:24]} 23...Ne5 {[%clk 1:22:51]} 24.Nc6 {[%clk
0:55:02]} 24...Qc7 {[%clk 1:22:04]} 25.Kg2 {[%clk 0:44:02]} 25...Nxc6 {[%clk
1:21:41]} 26.dxc6 {[%clk 0:44:30]} 26...Nd8 {[%clk 1:21:53]} 27.Qd4+ {[%clk
0:41:42]} 27...e5 {[%clk 1:22:02]} 28.Qe4 {[%clk 0:41:26]} 28...Ne6 {[%clk
1:22:02]} 29.Red1 {[%clk 0:38:28]} 29...a5 {[%clk 1:19:03]} 30.b5 {[%clk
0:36:38]} 30...Rad8 {[%clk 1:18:20]} 31.Rc2 {[%clk 0:35:27]} 31...Nf4+ {[%clk
1:17:28]} 32.Kg3 {[%clk 0:34:54]} 32...Qc8 {[%clk 1:16:10]} 33.Rcd2 {[%clk
0:33:40]} 33...Re6 {[%clk 1:11:38]} 34.Rxd6 {[%clk 0:31:32]} 34...Rdxd6 {[%clk
1:08:08]} 35.Rxd6 {[%clk 0:31:53]} 35...Rxd6 {[%clk 1:08:28]} 36.Qxe5+ {[%clk
0:32:16]} 36...Rf6 {[%clk 1:06:35]} 37.Kh2 {[%clk 0:26:09]} 37...h5 {[%clk
0:55:28]} 38.g5 {[%clk 0:25:37]} 38...Qh3+ {[%clk 0:55:08]} 39.Kg1 {[%clk
0:26:05]} 39...Qxf3 {[%clk 0:54:31]} 40.Qxf6+ {[%clk 0:26:16]} 40...Kg8 {[%clk
0:54:40]} 41.Qd8+ {[%clk 0:26:18]} 41...Kh7 0-1

[Event "Najdorf Memorial B"]
[Site "Warsaw POL"]
[Date "2021.07.15"]
[Round "6.16"]
[White "Wiktorowski, Janusz"]
[Black "Chmielewski, Miroslaw"]
[Result "1-0"]
[WhiteElo "1440"]
[BlackElo "1604"]
[EventDate "????.??.??"]
[PlyCount "109"]
[LiveChessVersion "1.4.8"]

1.e4 {[%clk 1:30:56]} 1...b6 {[%clk 1:30:20]} 2.d4 {[%clk 1:31:13]} 2...Bb7 
{[%clk 1:30:43]} 3.Nc3 {[%clk 1:29:42]} 3...e6 {[%clk 1:30:03]} 4.a3 {[%clk
1:27:30]} 4...d5 {[%clk 1:27:36]} 5.e5 {[%clk 1:27:03]} 5...c5 {[%clk 1:27:39]} 
6.Nf3 {[%clk 1:23:50]} 6...Nc6 {[%clk 1:22:59]} 7.Be3 {[%clk 1:17:20]} 7...c4 
{[%clk 1:16:34]} 8.Qd2 {[%clk 1:08:58]} 8...a6 {[%clk 1:15:18]} 9.Na4 {[%clk
1:03:29]} 9...b5 {[%clk 1:08:24]} 10.Nc5 {[%clk 1:03:26]} 10...Bxc5 {[%clk
1:08:47]} 11.dxc5 {[%clk 1:03:45]} 11...Nge7 {[%clk 1:09:04]} 12.Bg5 {[%clk
0:52:52]} 12...h6 {[%clk 1:06:27]} 13.Bf4 {[%clk 0:51:20]} 13...Ng6 {[%clk
1:02:41]} 14.Bg3 {[%clk 0:45:53]} 14...Qe7 {[%clk 1:01:33]} 15.c3 {[%clk
0:43:48]} 15...Qxc5 {[%clk 1:01:22]} 16.Be2 {[%clk 0:43:43]} 16...O-O {[%clk
1:00:10]} 17.h4 {[%clk 0:43:50]} 17...Rfd8 {[%clk 0:57:41]} 18.h5 {[%clk
0:42:25]} 18...Nge7 {[%clk 0:57:17]} 19.Bf4 {[%clk 0:39:15]} 19...d4 {[%clk
0:51:31]} 20.Bxh6 {[%clk 0:26:01]} 20...Nf5 {[%clk 0:49:05]} 21.Bg5 {[%clk
0:22:17]} 21...dxc3 {[%clk 0:45:02]} 22.Qxc3 {[%clk 0:21:13]} 22...Rd7 {[%clk
0:44:08]} 23.h6 {[%clk 0:17:40]} 23...gxh6 {[%clk 0:40:40]} 24.Bxh6 {[%clk
0:16:50]} 24...Nxh6 {[%clk 0:40:57]} 25.Rxh6 {[%clk 0:17:05]} 25...Nd4 {[%clk
0:37:39]} 26.Nxd4 {[%clk 0:13:56]} 26...Qxe5 {[%clk 0:36:07]} 27.Nf3 {[%clk
0:14:09]} 27...Qxc3+ {[%clk 0:35:07]} 28.bxc3 {[%clk 0:14:27]} 28...Kg7 {[%clk
0:35:02]} 29.Rh4 {[%clk 0:14:32]} 29...f5 {[%clk 0:34:59]} 30.Rd4 {[%clk
0:14:38]} 30...Bd5 {[%clk 0:34:34]} 31.Ne5 {[%clk 0:14:28]} 31...Rdd8 {[%clk
0:34:45]} 32.O-O-O {[%clk 0:14:08]} 32...Rh8 {[%clk 0:34:58]} 33.Bf3 {[%clk
0:13:29]} 33...Bxf3 {[%clk 0:34:36]} 34.Nxf3 {[%clk 0:13:44]} 34...Kf6 {[%clk
0:34:42]} 35.Re1 {[%clk 0:11:40]} 35...Rhg8 {[%clk 0:32:23]} 36.g3 {[%clk
0:10:03]} 36...Rg4 {[%clk 0:32:31]} 37.Rd6 {[%clk 0:09:42]} 37...Re4 {[%clk
0:32:11]} 38.Rxe4 {[%clk 0:09:50]} 38...fxe4 {[%clk 0:32:39]} 39.Nd4 {[%clk
0:10:09]} 39...Ke5 {[%clk 0:32:21]} 40.Rxe6+ {[%clk 0:10:30]} 40...Kd5 {[%clk
0:32:49]} 41.Kd2 {[%clk 0:09:53]} 41...a5 {[%clk 0:33:06]} 42.Nxb5 {[%clk
0:08:43]} 42...Rf8 {[%clk 0:33:03]} 43.Nc7+ {[%clk 0:08:17]} 43...Kc5 {[%clk
0:33:24]} 44.Ke3 {[%clk 0:06:50]} 44...Rf3+ {[%clk 0:33:38]} 45.Kxe4 {[%clk
0:07:00]} 45...Rxc3 {[%clk 0:33:50]} 46.Re5+ {[%clk 0:07:01]} 46...Kc6 {[%clk
0:33:58]} 47.Kd4 {[%clk 0:06:12]} 47...Rxa3 {[%clk 0:34:05]} 48.Rc5+ {[%clk
0:06:38]} 48...Kb6 {[%clk 0:33:55]} 49.Rxc4 {[%clk 0:06:58]} 49...Rf3 {[%clk
0:34:04]} 50.Rc2 {[%clk 0:06:48]} 50...a4 {[%clk 0:34:07]} 51.Nd5+ {[%clk
0:07:02]} 51...Ka5 {[%clk 0:34:01]} 52.Ra2 {[%clk 0:07:10]} 52...a3 {[%clk
0:33:57]} 53.Kc5 {[%clk 0:06:49]} 53...Ka4 {[%clk 0:33:52]} 54.Kc4 {[%clk
0:07:02]} 54...Rf8 {[%clk 0:33:01]} 55.Nc3+ {[%clk 0:07:23]} 1-0

[Event "Najdorf Memorial B"]
[Site "Warsaw POL"]
[Date "2021.07.15"]
[Round "6.17"]
[White "Rzenca, Jerzy"]
[Black "Olszewski, Antoni"]
[Result "1-0"]
[WhiteElo "1569"]
[BlackElo "1410"]
[EventDate "????.??.??"]
[PlyCount "59"]
[LiveChessVersion "1.4.8"]

1.e4 {[%clk 1:30:59]} 1...c5 {[%clk 1:30:43]} 2.Nc3 {[%clk 1:31:17]} 2...e6 
{[%clk 1:30:38]} 3.f4 {[%clk 1:31:44]} 3...Nc6 {[%clk 1:30:00]} 4.Nf3 {[%clk
1:32:08]} 4...d5 {[%clk 1:28:29]} 5.Bb5 {[%clk 1:32:31]} 5...a6 {[%clk 1:22:29]} 
6.Bxc6+ {[%clk 1:32:45]} 6...bxc6 {[%clk 1:22:53]} 7.d3 {[%clk 1:32:37]} 
7...Nf6 {[%clk 1:20:56]} 8.O-O {[%clk 1:32:37]} 8...Be7 {[%clk 1:19:57]} 9.Qe1 
{[%clk 1:31:38]} 9...O-O {[%clk 1:14:58]} 10.Na4 {[%clk 1:30:14]} 10...Bb7 
{[%clk 1:10:55]} 11.c4 {[%clk 1:30:22]} 11...Qc7 {[%clk 1:08:01]} 12.b3 {[%clk
1:29:21]} 12...Nd7 {[%clk 1:01:17]} 13.e5 {[%clk 1:26:26]} 13...f6 {[%clk
0:56:29]} 14.Bb2 {[%clk 1:25:14]} 14...d4 {[%clk 0:54:13]} 15.Ba3 {[%clk
1:25:36]} 15...Rf7 {[%clk 0:49:51]} 16.exf6 {[%clk 1:23:40]} 16...Rxf6 {[%clk
0:48:27]} 17.Nxd4 {[%clk 1:12:55]} 17...e5 {[%clk 0:35:19]} 18.fxe5 {[%clk
1:01:00]} 18...Nxe5 {[%clk 0:25:17]} 19.Nf5 {[%clk 0:49:33]} 19...Raf8 {[%clk
0:20:11]} 20.Nxe7+ {[%clk 0:47:20]} 20...Qxe7 {[%clk 0:20:18]} 21.Rxf6 {[%clk
0:47:14]} 21...Qxf6 {[%clk 0:19:19]} 22.Nxc5 {[%clk 0:45:22]} 22...Qg5 {[%clk
0:05:32]} 23.Kh1 {[%clk 0:41:04]} 23...Qf5 {[%clk 0:03:11]} 24.d4 {[%clk
0:25:50]} 24...Nd3 {[%clk 0:00:55]} 25.Nxd3 {[%clk 0:25:57]} 25...Qxd3 {[%clk
0:00:48]} 26.Qe6+ {[%clk 0:26:07]} 26...Kh8 {[%clk 0:01:00]} 27.Bxf8 {[%clk
0:26:10]} 27...Qxd4 {[%clk 0:01:14]} 28.Rf1 {[%clk 0:25:38]} 28...Qd3 {[%clk
0:00:31]} 29.Bxg7+ {[%clk 0:25:51]} 29...Kxg7 {[%clk 0:00:51]} 30.Rf7+ {[%clk
0:26:09]} 1-0